Every Country's Least Favorite Eurovision 2023 - Statistics

General Stats
  • This quiz has been taken 101 times
  • The average score is 16 of 17
Answer Stats
Jury Televote To % Correct
Iceland, Netherlands Austria, Belgium, Finland, Czechia, Germany, Italy, Moldova, Netherlands, Slovenia, Switzerland United Kingdom
98%
San Marino Finland
95%
Azerbaijan France
95%
Denmark, Malta, Sweden Spain
95%
Austria, Latvia, Malta, France Germany
93%
Croatia, Georgia, Portugal Poland
93%
Israel Albania, Azerbaijan, Poland, San Marino Portugal
93%
Croatia Estonia
92%
Australia, Cyprus, Moldova, Slovenia Armenia Serbia
92%
Belgium, Denmark, Estonia, Germany, Greece, Ireland, Norway, Poland, Romania, Switzerland, United Kingdom Croatia
91%
Israel, Greece, Romania, Serbia Lithuania
91%
Armenia, Lithuania, Serbia, Sweden Australia, Estonia, Cyprus, Georgia, Latvia, Lithuania, Portugal, Spain, Ukraine Albania
90%
Iceland, Ireland, Norway, United Kingdom Armenia
89%
Finland Slovenia
89%
Ukraine Belgium
87%
Albania France Austria
85%
Czechia, Italy, Spain Moldova
85%
No matching quizzes found
Score Distribution
Percent of People with Each Score
Percentile by Number Answered
Your Score History
You have not taken this quiz